I 10 comuni più popolosi della Valle d'Aosta - Statistics

Statistiche generali
  • Questo quiz è stato fatto 55 volte
  • Il punteggio medio è 5 su 10
Statistiche sulle risposte
POPOLAZIONE COMUNE % Corretto
33.176 Aosta
100%
4.366 Chatillon
58%
4.455 Saint Vincent
58%
4.794 Sarre
52%
4.127 Quart
48%
3.535 Pont Saint Martin
39%
3.295 Saint Pierre
39%
2.953 Nus
36%
3.495 Saint Christophe
36%
3.374 Gressan
33%
Nessun quiz corrispondente trovato
Distribuzione punteggi
Percentuale di utenti per punteggio
Percentile per numero di risposta
I tuoi punteggi nel tempo
Non hai fatto questo quiz